Estadísticas para Países con la costa más corta

Haz click aquí para tomar la prueba!

Estadísticas generales

  • Esta prueba ha sido tomada 142 veces
  • La puntuación promedio es 5 de 11

Estadísticas de respuestas

KmContinentePais% Correcto
4.1EuropaMonaco
89%
20EuropaBosnia y Herzegovina
70%
30OceaníaNauru
61%
46.6EuropaEslovenia
59%
24OceaníaTuvalu
50%
37ÁfricaRepública Democrática del Congo
48%
80ÁfricaGambia
46%
66.5EuropaBélgica
40%
56ÁfricaTogo
36%
26AsiaJordania
26%
58AsiaIrak
23%

Distribución de puntuación

Porcentaje por número respondido

Porcentaje de gente con cada puntuación

Historial de tus puntuaciones

No has tomado esta prueba